[Event "Baden-ch U16"]
[Site "Karlsruhe"]
[Date "2014.01.06"]
[Round "7"]
[White "Haselberger, Silas"]
[Black "Senel, Onur"]
[Result "0-1"]
[WhiteElo "1202"]
[BlackElo "1516"]
[PlyCount "76"]
[EventDate "2014.01.??"]
[EventType "swiss"]
[EventRounds "7"]
[EventCountry "GER"]
[SourceTitle "EXT 2022"]
[Source "ChessBase"]
[SourceDate "2021.10.06"]
[SourceVersion "1"]
[SourceVersionDate "2021.10.06"]
[SourceQuality "1"]

1. e4 e5 2. Nf3 Nc6 3. Bb5 d6 4. Nc3 Bd7 5. d3 Nf6 6. 0-0 Be7 7. Be3 0-0 8. h3 a6 9. Ba4 b5 10. Bb3 Be6 11. Nd5 Bxd5 12. Bxd5 Nxd5 13. exd5 Nb8 14. c4 Qd7 15. Qd2 c6 16. b3 cxd5 17. cxd5 Qb7 18. d4 e4 19. Nh2 Qxd5 20. f3 Nd7 21. fxe4 Qxe4 22. Rf4 Qd5 23. Rg4 Nf6 24. Rxg7+ Kxg7 25. Bh6+ Kh8 26. Bxf8 Rxf8 27. Rf1 Ne4 28. Qd3 Rg8 29. Ng4 Nf6 30. Rf5 Qe4 31. Qxe4 Nxe4 32. Rxf7 Re8 33. Rf4 d5 34. Nh6 Rf8 35. Rg4 Bg5 36. h4 Bxh6 37. Kh2 Rf2 38. a3 Rd2 0-1

[Event "Baden-ch op U1600"]
[Site "Birkenfeld"]
[Date "2013.06.02"]
[Round "7"]
[White "Merz, Raphael"]
[Black "Senel, Onur"]
[Result "1-0"]
[WhiteElo "1711"]
[BlackElo "1418"]
[PlyCount "87"]
[EventDate "2013.05.30"]
[EventType "swiss"]
[EventRounds "7"]
[EventCountry "GER"]
[SourceTitle "EXT 2014"]
[Source "ChessBase"]
[SourceDate "2013.11.20"]
[SourceVersion "1"]
[SourceVersionDate "2013.11.20"]
[SourceQuality "1"]

1. e4 e5 2. Nf3 Nc6 3. d4 exd4 4. Nxd4 Nf6 5. Nxc6 bxc6 6. Bd3 d5 7. exd5 cxd5 8. Bb5+ Bd7 9. Bxd7+ Qxd7 10. 0-0 Bd6 11. Re1+ Be7 12. Qe2 h6 13. b3 Ne4 14. f3 Nc5 15. Ba3 Ne6 16. Bxe7 Qxe7 17. Qb5+ Qd7 18. Nc3 Qxb5 19. Nxb5 0-0 20. Rad1 c6 21. Nd4 Nxd4 22. Rxd4 Rfe8 23. Rxe8+ Rxe8 24. Kf2 Re7 25. Ra4 f6 26. Ra6 Rc7 27. Ke3 c5 28. Rd6 Re7+ 29. Kd2 d4 30. Rd5 Re5 31. Rxe5 fxe5 32. Kd3 Kf7 33. Kc4 Ke6 34. Kxc5 g5 35. Kc4 h5 36. Kd3 Kd5 37. a3 g4 38. h3 gxh3 39. gxh3 h4 40. b4 Ke6 41. Ke4 Kd6 42. a4 Ke6 43. b5 Kd6 44. a5 1-0

[Event "Baden-ch op U1600"]
[Site "Birkenfeld"]
[Date "2013.05.31"]
[Round "3"]
[White "Schneider, Artur"]
[Black "Senel, Onur"]
[Result "1-0"]
[WhiteElo "1494"]
[BlackElo "1418"]
[PlyCount "53"]
[EventDate "2013.05.30"]
[EventType "swiss"]
[EventRounds "7"]
[EventCountry "GER"]
[SourceTitle "EXT 2014"]
[Source "ChessBase"]
[SourceDate "2013.11.20"]
[SourceVersion "1"]
[SourceVersionDate "2013.11.20"]
[SourceQuality "1"]

1. d4 d5 2. c4 e6 3. Nc3 Nf6 4. Nf3 Be7 5. h3 0-0 6. Bf4 Nbd7 7. e3 c5 8. Bd3 dxc4 9. Bxc4 cxd4 10. exd4 b6 11. 0-0 Bb7 12. Rc1 Rc8 13. Nb5 a6 14. Nd6 Bxd6 15. Bxd6 Re8 16. Ne5 Ne4 17. Ba3 Nxe5 18. dxe5 Qxd1 19. Rfxd1 Red8 20. Rxd8+ Rxd8 21. Be2 Rd2 22. Bf3 h6 23. Rc4 b5 24. Rc7 Bd5 25. Rc8+ Kh7 26. Rd8 Bxa2 27. Bxe4+ 1-0